[Event "38. MIEDZYNARODOWY MEMORIAL LUDWIKA ZAMENHOFA 2019 - OPEN A"]
[Site "Bialystok"]
[Date "1899-12-30"]
[Round "8.12"]
[White "Kirilin, Dmitrij"]
[Black "Karolczuk, Iwo"]
[Result "1/2-1/2"]
[WhiteTitle "k"]
[BlackTitle "I++"]
[WhiteElo "2015"]
[BlackElo "1976"]

1. Nf3 c5 2. c4 g6 3. d4 Bg7 4. e4 d6 5. Nc3 Nc6 6. d5 Na5 7. Bf4 Nf6 8. Be2 O-O
9. Nd2 e5 10. Be3 Ne8 11. a3 b6 12. b4 Nb7 13. f3 f5 14. g3 Nf6 15. Qb3 fxe4 16.
Ndxe4 Nxe4 17. Nxe4 Bf5 18. O-O Rf7 19. Bd3 Bxe4 20. Bxe4 Qf8 21. Kg2 Bh6 22.
Bf2 Qc8 23. h4 Rc7 24. Bd3 b5 25. bxc5 bxc4 26. Qxc4 Nxc5 27. Bxc5 Rxc5 28. Qe4
Qf5 29. Qxf5 gxf5 30. Bxf5 Rb8 31. Rab1 Rcb5 32. a4 Rxb1 33. Bxb1 Be3 34. Be4
Kg7 35. Kh3 h6 36. Re1 Bc5 37. Rb1 Rxb1 38. Bxb1 Kf6 39. Kg2 Bd4 40. Kf1 Bc5 41.
Ke2 Bb6 42. Bc2 Bc5 43. g4 Bb6 44. Be4 Bc5 1/2-1/2

[Event "38. MIEDZYNARODOWY MEMORIAL LUDWIKA ZAMENHOFA 2019 - OPEN A"]
[Site "Bialystok"]
[Date "1899-12-30"]
[Round "8.13"]
[White "Kaczmarek, Arkadiusz"]
[Black "Kumala, Aleksander"]
[Result "1/2-1/2"]
[WhiteTitle "I++"]
[BlackTitle "CM"]
[WhiteElo "2088"]
[BlackElo "2218"]

1. d4 e6 2. c4 b6 3. Nc3 Bb7 4. e3 f5 5. Qc2 Nf6 6. f3 Be7 7. Bd3 Nc6 8. a3 a5
9. Nge2 O-O 10. O-O Kh8 11. b3 Ng8 12. Bb2 Bf6 13. Rad1 1/2-1/2

[Event "38. MIEDZYNARODOWY MEMORIAL LUDWIKA ZAMENHOFA 2019 - OPEN A"]
[Site "Bialystok"]
[Date "1899-12-30"]
[Round "8.14"]
[White "Salna, Aleksandras"]
[Black "Flak, Pawel"]
[Result "0-1"]
[WhiteTitle "k"]
[BlackTitle "k+"]
[WhiteElo "2020"]
[BlackElo "2180"]

1. d4 b6 2. c4 Bb7 3. f3 f5 4. Nc3 Nf6 5. e4 fxe4 6. fxe4 Nxe4 7. Nxe4 Bxe4 8.
Bd3 Bxd3 9. Qxd3 e6 10. Bd2 Qh4+ 11. g3 Qg4 12. Nf3 Nc6 13. O-O Bd6 14. d5 Ne5
15. Nxe5 Bxe5 16. dxe6 Qd4+ 17. Qxd4 Bxd4+ 18. Kg2 dxe6 19. Rae1 O-O-O 20. b3
e5 21. Kf3 Rdf8+ 22. Ke4 Kd7 23. b4 Ke6 24. b5 a6 25. Bb4 Rf6 26. g4 Rxf1 27.
Rxf1 axb5 28. cxb5 Ra8 29. a3 Bc5 30. Rc1 Ra4 31. Kf3 Kd5 32. Rd1+ Bd4 33. Rc1
Ra7 34. h4 c5 35. bxc6 Rf7+ 36. Ke2 Rc7 37. Rf1 Kxc6 38. Rc1+ Bc5 39. Bxc5 bxc5
40. h5 Ra7 41. Rf1 Ra4 42. g5 Re4+ 43. Kd3 Rg4 44. h6 Rxg5 45. hxg7 Rxg7 46. Ke4
Rg3 47. Ra1 Rg4+ 48. Kxe5 Ra4 49. Rh1 Rxa3 50. Ke4 Kb5 51. Rxh7 Kb4 52. Rh1 c4
53. Rb1+ Rb3 54. Rd1 Rb2 55. Ke3 Kc3 56. Rc1+ Rc2 57. Rd1 Kb2 58. Kd4 c3 0-1

[Event "38. MIEDZYNARODOWY MEMORIAL LUDWIKA ZAMENHOFA 2019 - OPEN A"]
[Site "Bialystok"]
[Date "1899-12-30"]
[Round "8.15"]
[White "Marcinczyk, Monika"]
[Black "Walkusz, Witoslaw"]
[Result "1-0"]
[WhiteTitle "WCM"]
[BlackTitle "FM"]
[WhiteElo "2010"]
[BlackElo "2089"]

1. e4 d6 2. d4 Nf6 3. Bd3 e5 4. Nf3 Nbd7 5. O-O exd4 6. Nxd4 Nc5 7. Nc3 c6 8. Re1
h6 9. Bf4 Ne6 10. e5 Nxf4 11. exf6+ Ne6 12. Nxe6 Bxe6 13. Rxe6+ fxe6 14. Qh5+
g6 15. Qxg6+ Kd7 16. Qf7+ Kc8 17. Qxe6+ Qd7 18. Re1 Qxe6 19. Rxe6 Kc7 20. f4 d5
21. Bg6 Bc5+ 22. Kf1 Rad8 23. Ne2 Rhf8 24. g4 Rd6 25. Rxd6 Kxd6 26. f7 Ke6 27.
h4 Kf6 28. h5 Rd8 29. Kg2 Bf8 30. Kg3 d4 31. Kh4 c5 32. g5+ Ke6 33. b3 b5 34.
Bd3 Kxf7 35. Bxb5 Bd6 36. Kg4 Kg7 37. Ng3 Kh8 38. Nf5 Bf8 39. Bd3 Re8 40. Nxh6
Bxh6 41. gxh6 Re6 42. Kg5 a5 43. a4 Re1 44. f5 Rg1+ 45. Kf6 Kh7 46. Ke7 Kxh6 47.
f6 Re1+ 48. Kd7 Re3 49. f7 Kg7 50. Bg6 Kf8 51. Kd6 Rc3 52. Kd5 d3 53. Bxd3 Kxf7
54. Kc6 Kg7 55. Kb5 c4 56. bxc4 Kh6 57. Bg6 Kg5 58. Kxa5 Rxc4 59. Kb5 Rc8 60.
a5 Kf6 61. a6 Ke7 62. a7 Rd8 63. Be4 1-0

[Event "38. MIEDZYNARODOWY MEMORIAL LUDWIKA ZAMENHOFA 2019 - OPEN A"]
[Site "Bialystok"]
[Date "1899-12-30"]
[Round "8.16"]
[White "Budrewicz, Krzysztof"]
[Black "Bialiauski, Artsiom"]
[Result "1-0"]
[WhiteTitle "m"]
[BlackTitle "I"]
[WhiteElo "2275"]
[BlackElo "1944"]

1. c4 Nf6 2. Nf3 e6 3. b3 b6 4. Bb2 Bb7 5. e3 c5 6. Be2 Be7 7. Nc3 Nc6 8. a3 O-O
9. Qc2 a6 10. h4 d5 11. Ng5 Re8 12. f4 Qd7 13. Bf3 d4 14. Nce4 d3 15. Qd1 Nxe4
16. Bxe4 f5 17. Qh5 Bxg5 18. Bxc6 Bxc6 19. Qxg5 Qf7 20. h5 Ra7 21. h6 g6 22. Be5
Rb7 23. Kf2 Be4 24. Rhc1 Qe7 25. Bf6 Qf8 26. Rab1 a5 27. Rb2 b5 28. cxb5 Rxb5
29. Be5 Bd5 30. a4 Rb7 31. Rc3 c4 32. Rb1 cxb3 33. Rbc1 b2 34. Rc7 Re7 35. Rxe7
Qxe7 36. Qxe7 Rxe7 37. Rc8+ Kf7 38. Bxb2 Re8 39. Rc7+ Re7 40. Rc5 g5 41. fxg5
Kg6 42. Bf6 Rb7 43. Rxa5 Rb1 44. Ra7 Rh1 45. Rg7+ Kh5 46. g6 Rd1 47. gxh7 Rxd2+
48. Kg1 Rd1+ 49. Kh2 Rh1+ 50. Kxh1 d2 51. Rg5+ 1-0

[Event "38. MIEDZYNARODOWY MEMORIAL LUDWIKA ZAMENHOFA 2019 - OPEN A"]
[Site "Bialystok"]
[Date "1899-12-30"]
[Round "8.17"]
[White "Kiolbasa, Oliwia"]
[Black "Zgadzaj, Rafal"]
[Result "1-0"]
[WhiteTitle "WIM"]
[BlackTitle "k"]
[WhiteElo "2208"]
[BlackElo "2092"]

1. e4 d6 2. d4 g6 3. Nc3 Bg7 4. Be3 a6 5. Qd2 Nd7 6. O-O-O b5 7. Kb1 Bb7 8. f3
Nb6 9. Qe1 Rc8 10. h4 Nf6 11. h5 Nxh5 12. e5 f5 13. exf6 Nxf6 14. Bh6 Bxh6 15.
Rxh6 c5 16. Bd3 Kd7 17. dxc5 Rxc5 18. Ne4 Bxe4 19. Bxe4 Kc7 20. Ne2 Nxe4 21. fxe4
Kb7 22. Qh4 g5 23. Qh3 Qg8 24. Nd4 Re5 25. Qc3 Qc8 26. Qxc8+ Kxc8 27. Re1 Kd7
28. Nf3 Rc5 29. e5 Nc4 30. exd6 Nxd6 31. Ne5+ Ke8 32. Nd3 Rd5 33. Nb4 Rd2 34.
Kc1 Nc4 35. Rxa6 Rd7 36. Nc6 Kf8 37. Nxe7 Kf7 38. Nf5 Rhd8 39. b3 Nd2 40. Rh6
Kg8 41. Rh5 1-0

[Event "38. MIEDZYNARODOWY MEMORIAL LUDWIKA ZAMENHOFA 2019 - OPEN A"]
[Site "Bialystok"]
[Date "1899-12-30"]
[Round "8.18"]
[White "Zaura, Vidmantas"]
[Black "Paszkowski, Krystian"]
[Result "1-0"]
[WhiteTitle "k"]
[BlackTitle "I+"]
[WhiteElo "2141"]
[BlackElo "1950"]

1. Nf3 c5 2. c4 g6 3. g3 Bg7 4. Nc3 Nc6 5. Bg2 d6 6. O-O e6 7. a3 Nge7 8. Rb1 b6
9. b4 Bb7 10. Na4 Qd7 11. Bb2 O-O 12. Bxg7 Kxg7 13. e3 cxb4 14. axb4 Ne5 15. Nxe5
dxe5 16. Bxb7 Qxb7 17. f4 e4 18. Qc2 Rfd8 19. Nc3 f5 20. Ne2 Kf7 21. b5 Rd3 22.
Nd4 Rd8 23. Rb3 R8xd4 24. exd4 Rxd4 25. Rc3 Qd7 26. Rf2 Qd6 27. Qa2 Qc5 28. Qa3
Qc7 29. Kf1 Qd7 30. Ke1 Ng8 31. Qa2 Nf6 32. Ra3 a5 33. bxa6 e3 34. Rxe3 Qc6 35.
a7 Qa8 36. c5 Nd5 37. Rb3 Rc4 38. cxb6 Rc1+ 39. Ke2 Nxb6 40. Rff3 Qe4+ 41. Rbe3
Qc6 42. Qxe6+ Qxe6 43. Rxe6 Kxe6 44. Rb3 Ra1 45. Rxb6+ Kd5 46. Rb7 h5 47. Ke3
Ra3+ 48. d3 Ra4 49. Rg7 Ra3 50. Rxg6 Rxa7 51. Rf6 Re7+ 52. Kf3 Kd4 53. Rxf5 h4
54. Re5 Ra7 55. Re8 Kxd3 56. Rd8+ Kc4 57. Kg4 Rg7+ 58. Kxh4 Rh7+ 59. Kg5 Rxh2
60. f5 1-0

[Event "38. MIEDZYNARODOWY MEMORIAL LUDWIKA ZAMENHOFA 2019 - OPEN A"]
[Site "Bialystok"]
[Date "1899-12-30"]
[Round "8.19"]
[White "Szydlo, Michal"]
[Black "Jakubowska, Anna"]
[Result "1/2-1/2"]
[WhiteTitle "I+"]
[BlackTitle "WIM"]
[WhiteElo "1957"]
[BlackElo "2129"]

1. e4 c6 2. d4 d5 3. Nc3 dxe4 4. Nxe4 Nf6 5. Nxf6+ gxf6 6. c3 Qc7 7. Nf3 Bg4 8.
Be2 Nd7 9. Be3 e6 10. Qb3 f5 11. Ne5 Nxe5 12. dxe5 Bxe2 13. Kxe2 O-O-O 14. f4
Kb8 15. Qa4 b6 16. Rhd1 Be7 17. Qb3 Rxd1 1/2-1/2

[Event "38. MIEDZYNARODOWY MEMORIAL LUDWIKA ZAMENHOFA 2019 - OPEN A"]
[Site "Bialystok"]
[Date "1899-12-30"]
[Round "9.1"]
[White "Strybuk, Artsiom I"]
[Black "Heberla, Bartlomiej"]
[Result "1/2-1/2"]
[WhiteTitle "FM"]
[BlackTitle "GM"]
[WhiteElo "2166"]
[BlackElo "2565"]

1. d4 2. g6 3. Nf3 4. Bg7 5. c4 6. c5 7. d5 8. d6 9. g3 10. b5 11. cxb5 12. a6
13. bxa6 14. Nf6 15. Bg2 16. O-O 17. Nc3 18. Nbd7 19. O-O 20. Nb6 21. e4 22. Bxa6
23. Re1 24. Nfd7 25. Bf1 26. Bxf1 27. Kxf1 28. Qc8 29. Qe2 30. Qa6 31. Qxa6 32.
Rxa6 33. Re2 34. Rb8 35. a3 36. Na4 37. Nd1 38. Rab6 39. Ra2 40. Ne5 41. Nxe5
42. Bxe5 43. Rc2 44. Rb3 45. Rc4 46. Nb6 47. Rc2 48. Na4 49. Rc4 1/2-1/2

[Event "38. MIEDZYNARODOWY MEMORIAL LUDWIKA ZAMENHOFA 2019 - OPEN A"]
[Site "Bialystok"]
[Date "1899-12-30"]
[Round "9.2"]
[White "Janik, Igor"]
[Black "Markowski, Tomasz"]
[Result "1/2-1/2"]
[WhiteTitle "IM"]
[BlackTitle "GM"]
[WhiteElo "2466"]
[BlackElo "2546"]

1. d4 2. Nf6 3. c4 4. e6 5. Nf3 6. b6 7. g3 8. Bb7 9. Bg2 10. Bb4+ 11. Bd2 12.
Be7 13. Nc3 14. O-O 15. Qc2 16. c5 17. d5 18. exd5 19. Ng5 20. Nc6 21. Nxd5 22.
g6 23. Nf3 24. Re8 25. O-O 26. d6 27. Bc3 28. Nxd5 29. cxd5 30. Nb8 31. e4 32.
Nd7 33. Rfe1 34. b5 35. b3 36. Bf6 37. Rad1 38. b4 39. Bxf6 40. Qxf6 41. Nd2 42.
a5 43. Nc4 44. a4 45. bxa4 46. Ba6 47. Bh3 1/2-1/2

[Event "38. MIEDZYNARODOWY MEMORIAL LUDWIKA ZAMENHOFA 2019 - OPEN A"]
[Site "Bialystok"]
[Date "1899-12-30"]
[Round "9.3"]
[White "Teclaf, Pawel"]
[Black "Baum, Jonasz"]
[Result "1/2-1/2"]
[WhiteTitle "IM"]
[BlackTitle "FM"]
[WhiteElo "2426"]
[BlackElo "2340"]

1. e4 2. c6 3. d3 4. d5 5. Nd2 6. Nd7 7. Ngf3 8. g6 9. Be2 10. Bg7 11. O-O 12.
e5 13. b4 14. Ne7 15. Bb2 16. O-O 17. a4 18. a5 19. bxa5 20. Qxa5 21. Ra3 22.
Qc7 23. Qa1 24. b6 25. d4 26. Nf6 27. dxe5 28. Nxe4 29. Nxe4 30. dxe4 31. Ng5
32. Ra5 33. Nxe4 34. Rxe5 35. Ng3 36. Nf5 37. Bd3 38. Ra5 39. Nxf5 40. Bxb2 41.
Nh6+ 42. Kg7 43. Qxb2+ 44. Kxh6 45. Rb1 46. Bd7 47. Qf6 48. Qe5 49. Qxe5 50. Rxe5
51. f4 52. Ra5 53. Rxb6 54. Rfa8 55. Rb4 56. R8a7 57. Rd4 58. c5 59. Rd5 60. Bxa4
1/2-1/2

[Event "38. MIEDZYNARODOWY MEMORIAL LUDWIKA ZAMENHOFA 2019 - OPEN A"]
[Site "Bialystok"]
[Date "1899-12-30"]
[Round "9.4"]
[White "Kosakowski, Jakub"]
[Black "Kanarek, Marcel"]
[Result "1-0"]
[WhiteTitle "FM"]
[BlackTitle "GM"]
[WhiteElo "2403"]
[BlackElo "2478"]

1. e4 2. e5 3. Nf3 4. Nc6 5. Bb5 6. a6 7. Ba4 8. Nf6 9. O-O 10. b5 11. Bb3 12.
Bc5 13. a4 14. Rb8 15. c3 16. d6 17. d4 18. Bb6 19. a5 20. Ba7 21. Be3 22. Bg4
23. dxe5 24. Bxf3 25. Qxf3 26. Nxe5 27. Qe2 28. Bxe3 29. Qxe3 30. O-O 31. Nd2
32. Re8 33. Rfd1 34. c5 35. f4 36. Nc6 37. e5 38. Qc7 39. exd6 40. Qa7 41. Qf3
42. c4+ 43. Kh1 44. Qc5 45. Bc2 46. Re3 47. Qf2 48. Ng4 49. Qh4 50. f5 51. b4
52. cxb3 53. Nxb3 54. Qxc3 55. Bxf5 56. Nf6 57. Rab1 58. Nxa5 59. Rdc1 60. Qb4
61. d7 62. Nc4 63. Nd4 64. Qd6 65. Rxc4 66. bxc4 67. Rxb8+ 68. Qxb8 69. Nc6 70.
Ra3 71. Qe1 1-0

[Event "38. MIEDZYNARODOWY MEMORIAL LUDWIKA ZAMENHOFA 2019 - OPEN A"]
[Site "Bialystok"]
[Date "1899-12-30"]
[Round "9.5"]
[White "Cukrowski, Filip"]
[Black "Luberanski, Jakub"]
[Result "1-0"]
[WhiteTitle "FM"]
[BlackTitle "I++"]
[WhiteElo "2419"]
[BlackElo "1963"]

1. e4 2. c5 3. Nf3 4. e6 5. d4 6. cxd4 7. Nxd4 8. Nf6 9. Nc3 10. d6 11. g4 12.
h6 13. h4 14. Nc6 15. Rg1 16. h5 17. gxh5 18. Nxh5 19. Bg5 20. Nf6 21. Nb3 a6
22. Qe2 23. Qc7 24. O-O-O 25. Bd7 26. f4 27. b5 28. e5 29. dxe5 30. fxe5 31. Qxe5
32. Qf2 33. b4 34. Re1 35. Qc7 36. Bxf6 37. bxc3 38. Bxg7 39. Bxg7 40. Rxg7 41.
cxb2+ 42. Kxb2 43. Rf8 44. Qc5 45. Qf4 46. Qc3 47. Qxh4 48. Bc4 49. Ne7 50. Nc5
51. Rc8 52. Ne4 53. Nf5 54. Nf6+ 55. Ke7 56. Nd5+ 57. Kd8 58. Re4 59. Qh8 60.
Qf6+ 61. Ke8 62. Reg4 63. exd5 64. Re4+ 65. Be6 66. Rxe6+ 67. Kd7 68. Qxf5 69.
Qxg7+ 70. Rf6+ 71. Ke7 72. Qe5+ 73. Kd7 74. Qd6+ 75. Ke8 76. Bxa6 77. Rc5 78.
Qe5+ 79. Kd7 80. Rd6+ 81. Kc7 82. Qxg7 83. Rb8+ 84. Kc1 85. Kxd6 86. Qg3+ 1-0

[Event "38. MIEDZYNARODOWY MEMORIAL LUDWIKA ZAMENHOFA 2019 - OPEN A"]
[Site "Bialystok"]
[Date "1899-12-30"]
[Round "9.6"]
[White "Eigminas, Kipras"]
[Black "Chojnacki, Krzysztof"]
[Result "0-1"]
[WhiteTitle "k"]
[BlackTitle "IM"]
[WhiteElo "2127"]
[BlackElo "2375"]

1. e4 2. d6 3. d4 4. Nf6 5. Nc3 6. g6 7. g3 8. Bg7 9. Bg2 10. O-O 11. Nge2 12.
e5 13. h3 14. c6 15. O-O 16. Qc7 17. Be3 18. b5 19. a3 20. Bb7 21. f4 22. Nbd7
23. g4 24. Nb6 25. dxe5 26. dxe5 27. Qc1 28. exf4 29. Bxf4 30. Qe7 31. Bh6 32.
Nfd7 33. Bxg7 34. Kxg7 35. Qf4 36. Ne5 37. b3 38. Rad8 39. Kh1 40. f6 41. Qe3
42. Bc8 43. a4 44. b4 45. a5 46. Nbc4 47. bxc4 48. Nxc4 49. Qg3 50. bxc3 51. Qxc3
52. Ba6 53. Rfd1 54. Qe5 55. Bf3 56. Qxc3 57. Nxc3 58. Ne3 59. Rxd8 60. Rxd8 61.
Be2 62. Bxe2 63. Nxe2 64. Rd2 65. Nf4 66. Rxc2 67. Re1 68. Rc3 69. Ne2 70. Ra3
71. Nd4 72. Nc4 73. Nxc6 74. Rxh3+ 75. Kg2 76. Ra3 77. Nxa7 78. Ne3+ 79. Kg1 80.
Nxg4 81. Rc1 82. Rxa5 83. Rc7+ 84. Kh6 85. Kg2 86. Ne5 87. Nc8 88. Ra4 89. Nd6
90. Rd4 91. Ne8 92. Kg5 93. Rxh7 94. Rxe4 95. Rb7 96. Ng4 97. Nd6 98. Re2+ 99.
Kf3 100. Re3+ 101. Kg2 102. f5 103. Rb5 104. Kh4 105. Nxf5+ 106. gxf5 107. Rxf5
108. Rg3+ 109. Kh1 110. Ra3 111. Rb5 112. Kh3 113. Rb1 114. Re3 115. Kg1 116.
Kg3 117. Ra1 118. Nh2 119. Rd1 120. Re2 121. Kh1 122. Nf3 123. Rg1+ 124. Nxg1
0-1

[Event "38. MIEDZYNARODOWY MEMORIAL LUDWIKA ZAMENHOFA 2019 - OPEN A"]
[Site "Bialystok"]
[Date "1899-12-30"]
[Round "9.7"]
[White "Sieciechowicz, Marcin"]
[Black "Szostko, Jakub"]
[Result "1-0"]
[WhiteTitle "IM"]
[BlackTitle "FM"]
[WhiteElo "2366"]
[BlackElo "2217"]

1. d4 2. Nf6 3. c4 4. e6 5. Nc3 6. Bb4 7. e3 8. O-O 9. Bd2 10. Nc6 11. a3 12. Bxc3
13. Bxc3 14. Ne4 15. Qc2 16. Nxc3 17. Qxc3 18. a5 19. Nf3 20. d6 21. Be2 22. a4
23. O-O 24. Qe7 25. Rac1 26. e5 27. d5 28. Nb8 29. c5 30. Nd7 31. cxd6 32. cxd6
33. Qc7 34. Rd8 35. Nd2 36. Kf8 37. Nc4 38. Nc5 39. Qxe7+ 40. Kxe7 41. Nxe5 42.
Bd7 43. Nxd7 44. Kxd7 45. Rc4 46. Kc7 47. Rfc1 48. Re8 49. Rh4 50. h6 51. Bb5
52. Re5 53. Bxa4 54. Rxd5 55. Bc2 56. Kb6 57. Rb4+ 58. Ka7 59. Kf1 60. Rc8 61.
Rc4 62. Rb8 63. e4 64. b5 65. Rb4 66. Rh5 67. h3 68. Na6 69. Rb3 70. Rc5 71. Ke2
72. d5 73. exd5 74. Rbc8 75. Kd2 76. Rxd5+ 77. Rd3 78. Rdc5 79. Rc3 80. Rxc3 81.
bxc3 82. Nc5 83. Rb1 84. Ka6 85. Rb4 86. Rd8+ 87. Rd4 88. Ra8 89. c4 90. Kb6 91.
cxb5 92. Rxa3 93. Rf4 94. Ra7 95. Rb4 96. Ra5 97. Rg4 98. g5 99. Rd4 100. Kxb5
101. Rd6 102. Ne6 103. Bb3 104. Nc5 105. Kc2 106. Ra7 107. Rxh6 108. Re7 109.
Rf6 110. Re2+ 111. Kd1 112. Rb2 113. Bc2 114. Ne6 115. Rxf7 116. Kc4 117. Re7
118. Nf4 119. Re4+ 120. Kd5 121. Re3 122. Kd4 123. h4 124. Nxg2 125. Rd3+ 126.
Ke5 127. hxg5 128. Rb8 129. Rg3 130. Rd8+ 131. Kc1 132. Nh4 133. Rg4 134. Nf3
135. g6 136. Nd4 137. g7 138. Nxc2 139. g8=Q 140. Rxg8 141. Rxg8 142. Nd4 143.
Kd2 144. Ke4 145. Rg4+ 146. Kd5 1-0

[Event "38. MIEDZYNARODOWY MEMORIAL LUDWIKA ZAMENHOFA 2019 - OPEN A"]
[Site "Bialystok"]
[Date "1899-12-30"]
[Round "9.8"]
[White "Godzwon, Iwo"]
[Black "Pietruszewski, Marcin"]
[Result "1-0"]
[WhiteTitle "FM"]
[BlackTitle "m"]
[WhiteElo "2275"]
[BlackElo "2213"]

1. e4 2. c5 3. Nf3 4. e6 5. d4 6. cxd4 7. Nxd4 8. a6 9. c4 10. Nf6 11. Nc3 12.
Qc7 13. Be2 14. b6 15. O-O 16. Bb7 17. Qd3 18. d6 19. f4 20. Nbd7 21. b4 22. Be7
23. Bb2 24. O-O 25. a3 26. Rfe8 27. Rac1 28. Rac8 29. g4 30. h6 31. h4 32. Nh7
33. g5 34. hxg5 35. hxg5 36. g6 37. Qh3 38. Bf8 39. Nd5 40. exd5 41. cxd5 42.
Qd8 43. Rxc8 44. Bxc8 45. Nc6 46. Qc7 47. Qc3 48. Ne5 49. fxe5 50. dxe5 51. Qg3
52. Bd6 53. Rf2 54. Bb7 55. Bc4 56. b5 57. Bb3 58. Bc8 59. Rh2 60. Qd7 61. Rh4
62. f6 63. gxf6 64. Qf7 65. Rh6 66. Nf8 67. Qg5 68. Bd7 69. Nxe5 70. Bxe5 71.
Bxe5 72. Bc8 73. d6 74. Be6 75. d7 76. Qxd7 77. Rxg6+ 78. Nxg6 79. Qxg6+ 80. Kf8
81. Bd6+ 82. Qxd6 83. Qg7# 1-0

[Event "38. MIEDZYNARODOWY MEMORIAL LUDWIKA ZAMENHOFA 2019 - OPEN A"]
[Site "Bialystok"]
[Date "1899-12-30"]
[Round "9.9"]
[White "Vardanyan, Aras"]
[Black "Flak, Pawel"]
[Result "1/2-1/2"]
[WhiteTitle "k"]
[BlackTitle "k+"]
[WhiteElo "2026"]
[BlackElo "2180"]

1. d4 2. Nf6 3. c4 4. e6 5. Nf3 6. b6 7. Nc3 8. Bb7 9. a3 10. Be7 11. e3 12. O-O
13. Bd3 14. d6 15. O-O 16. Nbd7 17. e4 18. e5 19. Bg5 20. exd4 21. Nxd4 22. Nd5
23. Bxe7 24. Nxc3 25. Qc2 26. Qxe7 27. Qxc3 28. Nc5 29. Rae1 30. Qf6 31. Bc2 32.
Ne6 33. e5 34. Qg5 35. Be4 36. Bxe4 37. Rxe4 38. Nxd4 39. Qxd4 40. dxe5 41. Rxe5
1/2-1/2

[Event "38. MIEDZYNARODOWY MEMORIAL LUDWIKA ZAMENHOFA 2019 - OPEN A"]
[Site "Bialystok"]
[Date "1899-12-30"]
[Round "9.10"]
[White "Reza, Wojciech"]
[Black "Leniart, Arkadiusz"]
[Result "0-1"]
[WhiteTitle "FM"]
[BlackTitle "IM"]
[WhiteElo "2308"]
[BlackElo "2508"]

1. e4 2. e5 3. Nf3 4. Nc6 5. Bb5 6. a6 7. Ba4 8. Nf6 9. O-O 10. Be7 11. Re1 12.
b5 13. Bb3 14. d6 15. c3 16. O-O 17. h3 18. Na5 19. Bc2 20. c5 21. d4 22. Nd7
23. a4 24. Rb8 25. axb5 26. axb5 27. d5 28. b4 29. Nbd2 30. Qb6 31. Bd3 32. Bd8
33. Qe2 34. Re8 35. Ra4 36. Re7 37. Nf1 38. Qc7 39. Ne3 40. g6 41. h4 42. Nb3
43. h5 44. Nf6 45. hxg6 46. hxg6 47. Nc4 48. Nxc1 49. Rxc1 50. bxc3 51. bxc3 52.
Bd7 53. Ra6 54. Bb5 55. Ra2 56. Kg7 57. Nfxe5 58. Nxd5 59. exd5 60. Bxc4 61. Bxc4
62. Rxe5 63. Qd3 64. Rh5 65. Rca1 66. Qe7 67. g3 68. Qg5 69. Qe4 70. Bf6 71. Be2
72. Rhh8 73. Rc2 74. Rbe8 75. Qf3 76. Qh6 77. Ra6 78. Rb8 79. Ra1 80. Qh2+ 0-1

[Event "38. MIEDZYNARODOWY MEMORIAL LUDWIKA ZAMENHOFA 2019 - OPEN A"]
[Site "Bialystok"]
[Date "1899-12-30"]
[Round "9.11"]
[White "Jakubowski, Krzysztof"]
[Black "Kirilin, Dmitrij"]
[Result "1-0"]
[WhiteTitle "GM"]
[BlackTitle "k"]
[WhiteElo "2503"]
[BlackElo "2015"]

1. e4 2. c5 3. Nf3 4. d6 5. d4 6. cxd4 7. Nxd4 8. Nf6 9. Nc3 10. a6 11. h3 12.
e5 13. Nde2 14. h5 15. Bg5 16. Be6 17. Bxf6 18. Qxf6 19. Nd5 20. Bxd5 21. Qxd5
22. Nc6 23. Nc3 24. Qe6 25. Bc4 26. Qxd5 27. Nxd5 28. Rc8 29. Nb6 30. Rc7 31.
c3 32. Nb4 33. cxb4 34. Rc6 35. Bxf7+ 36. Kxf7 37. Nd5 38. Rc2 39. Rb1 40. Be7
41. Ne3 42. Rc6 43. h4 44. Rhc8 45. Rh3 46. Bd8 47. Rd1 48. g6 49. b3 50. Bb6
51. Rf3+ 52. Kg7 53. Nd5 54. Rf8 55. Rxf8 56. Kxf8 57. Rd3 58. Bd4 59. Kd2 60.
Kg7 61. Rf3 62. Bb2 63. Rf6 64. Bc3+ 65. Kd3 66. Bxb4 67. Re6 68. Bc5 69. f3 70.
Bf2 71. Re7+ 72. Kf8 73. Rxb7 74. Bxh4 75. Rc7 76. Rxc7 77. Nxc7 78. a5 79. Kc4
80. Ke7 81. Nd5+ 82. Kf7 83. Kb5 84. Be1 85. a3 86. g5 87. Kc6 88. g4 89. fxg4
90. h4 91. b4 92. axb4 93. axb4 94. Kg6 95. b5 96. Kg5 97. b6 98. Bf2 99. b7 100.
Ba7 101. Kc7 102. Kxg4 103. Nb4 104. Kg3 105. Nc6 106. Bf2 107. b8=Q 108. Kxg2
109. Qg8+ 110. Kf3 111. Qf7+ 112. Kg2 113. Qg6+ 114. Kf3 115. Qf5+ 116. Kg3 117.
Qg5+ 118. Kf3 119. Kxd6 1-0

[Event "38. MIEDZYNARODOWY MEMORIAL LUDWIKA ZAMENHOFA 2019 - OPEN A"]
[Site "Bialystok"]
[Date "1899-12-30"]
[Round "9.12"]
[White "Karolczuk, Iwo"]
[Black "Marcinczyk, Monika"]
[Result "1/2-1/2"]
[WhiteTitle "I++"]
[BlackTitle "WCM"]
[WhiteElo "1976"]
[BlackElo "2010"]

1. Nf3 2. Nf6 3. d4 4. d6 5. e3 6. g6 7. Be2 8. Bg7 9. O-O 10. O-O 11. b3 12. c5
13. Bb2 14. b6 15. c4 16. Bb7 17. Nc3 18. Nbd7 19. d5 20. Ne8 21. Qc2 22. e5 23.
dxe6 24. fxe6 25. Rad1 26. Qe7 27. Rd2 28. Ndf6 29. e4 30. Ng4 31. Ne1 32. Ne5
33. Bd3 34. Bh6 35. Rd1 36. Nc6 37. Ne2 38. e5 39. Bc1 40. Bg7 41. Be3 42. Nd4
43. Qd2 44. Nc7 45. Nc3 46. Nce6 47. f3 48. Rf7 49. Nd5 50. Bxd5 51. cxd5 52.
Nf4 53. Nc2 54. Raf8 55. Nxd4 56. exd4 57. Bxf4 58. Rxf4 59. g3 60. Rxf3 61. Rxf3
62. Rxf3 63. Rf1 64. Rxf1+ 65. Kxf1 66. Qf8+ 67. Kg2 68. Bh6 69. Qe2 70. Be3 71.
Bc4 72. Qe7 73. Bd3 74. Kg7 75. Qg4 76. Qf7 77. Qe2 78. Qf6 79. Bc4 80. h5 81.
Bd3 82. Qe5 83. Qf3 84. Qe8 85. a4 86. Bg5 87. Bb5 88. Qe7 89. Bd3 90. Bf6 91.
Qe2 92. Be5 93. Qf3 94. Qg5 95. Bc4 96. h4 97. Bb5 98. hxg3 99. hxg3 100. Qd2+
101. Kh3 102. Qh6+ 103. Kg2 104. Qd2+ 105. Kh3 106. Qe3 107. Qxe3 108. dxe3 109.
Kg4 110. Kf6 111. Kf3 112. g5 113. Ba6 114. Bd4 115. g4 116. Ke5 117. Bb5 118.
Bb2 119. Kxe3 120. Bc1+ 121. Kd3 122. Kf4 123. Bd7 124. Bb2 1/2-1/2

[Event "38. MIEDZYNARODOWY MEMORIAL LUDWIKA ZAMENHOFA 2019 - OPEN A"]
[Site "Bialystok"]
[Date "1899-12-30"]
[Round "9.13"]
[White "Tihonov, Jurij"]
[Black "Zaura, Vidmantas"]
[Result "1-0"]
[WhiteTitle "GM"]
[BlackTitle "k"]
[WhiteElo "2394"]
[BlackElo "2141"]

1. c4 2. c5 3. Nf3 4. Nc6 5. Nc3 6. g6 7. e3 8. Bg7 9. d4 10. d6 11. d5 12. Ne5
13. Nxe5 14. Bxe5 15. e4 16. Bg7 17. Bd3 18. Nf6 19. O-O 20. e5 21. dxe6 22. Bxe6
23. h3 24. Nd7 25. f4 26. Nb6 27. Qe2 28. Bd4+ 29. Kh2 30. O-O 31. Bd2 32. Bd7
33. Rae1 34. Bc6 35. b3 36. Nd7 37. Qf3 38. Qe7 39. g4 40. Rae8 41. Nb5 42. Bxb5
43. cxb5 44. Kg7 45. Kg2 46. Rh8 47. Bc4 48. Nb6 49. Bc3 50. Bxc3 51. Qxc3+ 52.
f6 53. Bd3 54. Nd7 55. Bc4 56. h5 57. g5 58. Rhf8 59. h4 60. Kh7 61. Qg3 62. fxg5
63. hxg5 64. Nb6 65. Bd3 66. Qg7 67. Qf3 68. Nd7 69. Qh3 70. Qe7 71. e5 72. Nxe5
73. Qxh5+ 74. Kg8 75. Bxg6 76. Rxf4 77. Rxf4 1-0

[Event "38. MIEDZYNARODOWY MEMORIAL LUDWIKA ZAMENHOFA 2019 - OPEN A"]
[Site "Bialystok"]
[Date "1899-12-30"]
[Round "9.14"]
[White "Pettersson, Alexander"]
[Black "Budrewicz, Krzysztof"]
[Result "0-1"]
[WhiteTitle "k"]
[BlackTitle "m"]
[WhiteElo "2016"]
[BlackElo "2275"]

1. d4 2. Nf6 3. c4 4. g6 5. Nc3 6. Bg7 7. e4 8. O-O 9. Bd3 10. d6 11. Nge2 12.
c6 13. O-O 14. a6 15. h3 16. b5 17. Be3 18. bxc4 19. Bxc4 20. d5 21. Bd3 22. dxe4
23. Nxe4 24. Nd5 25. Bg5 26. h6 27. Bd2 28. Nd7 29. Qc1 30. Kh7 31. Qxc6 32. N7b6
33. Nc5 34. Ra7 35. Ba5 36. Rc7 37. Bxb6 38. Rxc6 39. Bxd8 40. Rxd8 41. Be4 42.
Rb6 43. Nb3 44. Nb4 45. Nc5 46. f5 47. Bb1 48. Nc6 49. Nb3 50. a5 51. Re1 52.
a4 53. Nc5 54. a3 55. bxa3 56. Nxd4 57. Nxd4 58. Bxd4 59. Nb3 60. Bxa1 61. Nxa1
62. Re6 63. Rc1 64. Red6 65. Bc2 66. Be6 67. Nb3 68. Rc8 69. Kf1 70. Bxb3 0-1